000 00715cab a2200217 4500
001 ABS49491
008 090401t1993 xxu||||| |||| 00| 0 eng d
035 _a(Sirsi) u71562
041 _aeng
100 _aCoyle, D.
245 4 _aThe great housing legacy
260 _c1993
350 _a0
490 _aInvestors Chronicle
_v106(1345) 22 October 1993, 12(1)
520 _aThe `baby-boom` generation looks set to benefit by inheriting the houses their parents bought. The key factor is that in the UK home ownership has risen from 10% of the population in 1914 to 68% in the present day.
650 _aHOME OWNERSHIP
650 _aINHERITANCE
690 _aHOUSING
942 _n0
948 _c04/03/1997
999 _c45133
_d45133